Statistics for Top NFL Quarterback Coach Combos

Click here to take the quiz!

General Stats

  • This quiz has been taken 23,867 times
    (5,124 since last reset)
  • The average score is 25 of 38

Answer Stats

Answer% Correct
Tom Brady
99%
Bill Belichick
94%
Eli Manning
92%
Patrick Mahomes
92%
Peyton Manning
92%
Aaron Rodgers
91%
Drew Brees
91%
Ben Roethlisberger
90%
Dan Marino
88%
Russell Wilson
88%
Andy Reid
85%
Brett Favre
84%
Joe Montana
81%
Joe Flacco
80%
Mike Tomlin
80%
Pete Carroll
78%
John Elway
77%
Sean Payton
74%
Terry Bradshaw
73%
John Harbaugh
70%
Mike McCarthy
66%
Donovan McNabb
65%
Jim Kelly
62%
Bart Starr
59%
Don Shula
56%
Roger Staubach
54%
Vince Lombardi
51%
Tony Dungy
44%
Steve McNair
42%
Tom Coughlin
42%
Tom Landry
41%
Bob Griese
38%
Bill Walsh
35%
Chuck Noll
34%
Mike Holmgren
29%
Jeff Fisher
28%
Marv Levy
26%
Dan Reeves
21%

Score Distribution

Percentile by Number Answered

Percent of People with Each Score

Your Score History

You have not taken this quiz since the last reset